Elements of programming interviews in java / (Record no. 35630)
[ view plain ]
| 000 -LEADER | |
|---|---|
| fixed length control field | 00495nam a22001697a 4500 |
| 005 - DATE AND TIME OF LATEST TRANSACTION | |
| control field | 20240429152859.0 |
| 008 - FIXED-LENGTH DATA ELEMENTS--GENERAL INFORMATION | |
| fixed length control field | 240429b |||||||| |||| 00| 0 eng d |
| 020 ## - INTERNATIONAL STANDARD BOOK NUMBER | |
| ISBN | 9781517671273 |
| 082 ## - DEWEY DECIMAL CLASSIFICATION NUMBER | |
| Classification number | 005.107 |
| Item number | AZI-E |
| 100 ## - MAIN ENTRY--AUTHOR | |
| Author Name | Aziz, Adnan |
| 245 ## - TITLE STATEMENT | |
| Title | Elements of programming interviews in java / |
| Statement of responsibility, etc. | Tsung-Hsein Lee |
| 260 ## - PUBLICATION, DISTRIBUTION, ETC. | |
| Place of Publication | USA: |
| Name of publisher, distributor, etc. | Wiley; |
| Date of publication, distribution, etc. | 2015. |
| 300 ## - PHYSICAL DESCRIPTION | |
| Pages | vii, 521 p. : |
| 650 ## - SUBJECT ADDED ENTRY--TOPICAL TERM | |
| Subject / Department | computer science/Java programming Language |
| 700 ## - ADDED ENTRY--PERSONAL NAME | |
| Personal name | Tsung-Hsein Lee |
| 300 ## - PHYSICAL DESCRIPTION | |
| -- | ill; |
| -- | 23 cm. |
| 952 ## - LOCATION AND ITEM INFORMATION (KOHA) | |
| -- | 0 |
| -- | 0 |
| Lost status | Damaged status | Collection code | Permanent Location | Current Location | Shelving Location | Date acquired | Full Call Number | Accession No./Barcode | Date last seen | item type | Koha item type |
|---|---|---|---|---|---|---|---|---|---|---|---|
| CS/IT | Superior Information Resource Center (SIRC) Superior University- Gold Campus | Superior Information Resource Center (SIRC) Superior University- Gold Campus | Java programming language | 04/29/2024 | 005.107 AZI-E 2015 | 17061 | 04/29/2024 | BOOK | BOOK |
